000 00229nam a22000857a 4500
008 160704b xxu||||| |||| 00| 0 eng d
100 _92018
_a Srivastava, B.B
245 _aUnshed Tears
260 _aGhaziabad
_bShantidevi Prakashan
_c2002
999 _c1718
_d1718